Central Library OPAC University of Rajshahi

Mathematical Analysis For Economists / (Record no. 42839)

MARC details
000 -LEADER
fixed length control field 01013cam a22003012 4500
001 - CONTROL NUMBER
control field 42839
003 - CONTROL NUMBER IDENTIFIER
rucl marc code BD-RJUL
005 - DATE AND TIME OF LATEST TRANSACTION
control field 20211209053612.0
008 - FIXED-LENGTH DATA ELEMENTS--GENERAL INFORMATION
fixed length control field 160616s19791968enk b 001 0 eng d
020 ## - INTERNATIONAL STANDARD BOOK NUMBER
International Standard Book Number 0333015509 (1979)
035 ## - SYSTEM CONTROL NUMBER
System control number (BR-RJUL)42957
040 ## - CATALOGING SOURCE
Original cataloging agency MBB
Transcribing agency MBB
Modifying agency UKM
-- OCL
-- BR-RJUL
Language of cataloging eng
041 ## - LANGUAGE CODE
Language code of text/sound track or separate title eng
082 04 - DEWEY DECIMAL CLASSIFICATION NUMBER
Classification number 515.02433
Edition number 23
Author mark and year ALM 1968-1979
100 1# - MAIN ENTRY--PERSONAL NAME
Personal name Allen, R. G. D.
Fuller form of name (Roy George Douglas)
9 (RLIN) 131619
245 10 - TITLE STATEMENT
Title Mathematical Analysis For Economists /
Statement of responsibility, etc. by R. G. D. Allen.
250 ## - EDITION STATEMENT
Edition statement ELBS ed.
260 ## - PUBLICATION, DISTRIBUTION, ETC. (IMPRINT)
Place of publication, distribution, etc. London :
Name of publisher, distributor, etc. Macmillan Press
Date of publication, distribution, etc. 1968 [reprinted 1971-1979]
300 ## - PHYSICAL DESCRIPTION
Pagination xv, 548 p. :
Illustrations ill. ;
Size 23 cm.
490 1# - SERIES STATEMENT
Series statement Studies in statistics and scientific method ;
Volume/sequential designation no. 3
500 ## - GENERAL NOTE
General note "First edition 1938."
General note Includes index.
504 ## - BIBLIOGRAPHY, ETC. NOTE
Bibliography, etc Bibliography : p. [xiv]-xv.
650 #0 - SUBJECT ADDED ENTRY--TOPICAL TERM
Topical term or geographic name as entry element Mathematical analysis.
9 (RLIN) 116520
Topical term or geographic name as entry element Economics, Mathematical.
9 (RLIN) 116902
830 #0 - SERIES ADDED ENTRY--UNIFORM TITLE
Uniform title Studies in statistics and scientific method ;
Volume number/sequential designation no. 3
942 ## - ADDED ENTRY ELEMENTS (KOHA)
Source of classification or shelving scheme Dewey Decimal Classification
Koha item type Books
Holdings
Lost status Source of classification or shelving scheme Damaged status Not for loan Collection code Permanent Location Current Location Shelving location Date acquired Source of acquisition Cost, normal purchase price Total Checkouts Full call number Date last seen Copy number Koha item type
  Dewey Decimal Classification   Not For Loan Non-fiction Central Library, University of Rajshahi Central Library, University of Rajshahi Reading Room 16/05/1985 Tulip 14.00   515.02433 ALM 1979 16/06/2016 C-1 Books
  Dewey Decimal Classification     Non-fiction Central Library, University of Rajshahi Central Library, University of Rajshahi   16/05/1985 Tulip 14.05   515.02433 ALM 1979 16/06/2016 C-3 Books
  Dewey Decimal Classification     Non-fiction Central Library, University of Rajshahi Central Library, University of Rajshahi   16/05/1985 Tulip 14.00   515.02433 ALM 1979 16/06/2016 C-4 Books
  Dewey Decimal Classification     Non-fiction Central Library, University of Rajshahi Central Library, University of Rajshahi   16/05/1985 Tulip 14.00   515.02433 ALM 1979 16/06/2016 C-5 Books
  Dewey Decimal Classification     Non-fiction Central Library, University of Rajshahi Central Library, University of Rajshahi   16/05/1985 Tulip 14.00   515.02433 ALM 1979 16/06/2016 C-2 Books
  Dewey Decimal Classification     Non-fiction Central Library, University of Rajshahi Central Library, University of Rajshahi   16/05/1985 Tulip Enterprises, Dhaka 14.05   515.02433 ALM 1979 04/11/2019 C-6 Books